000 00938nam0a22002531 4500
001 rc\307646
005 20250612165938.0
035 _a(NLR Aleph) 008739542
090 _a9524754
_c9524754
100 _a20030307d1990 |||y0rusy50 ca
101 0 _arus
102 _aRU
105 _ay |||||||||
200 1 _aПроцессор статистической обработки для СУБД с инвертированными файлами
_fА.М. Ершов, О.Г. Мельникова, Б.А. Пашенко, Н.Н. Сычев
210 _aДубна
_cОИЯИ
_d1990
215 _a7 с.
_d22
225 1 _aСообщения Объединенного института ядерных исследований
_v10-90-562
320 _aБиблиогр.: с. 7 (5 назв.)
701 1 _aЕршов
_bА.М.
801 0 _aRU
_bNLR
_gpsbo
801 1 _aRU
_bELAR
_2rusmarc
852 _aNLR
_j91-6/561
942 _cBOOK
980 _aNB